[Event "Roncana op-A 13th"]
[Site "Santa Eulalia de Roncana"]
[Date "2019.10.26"]
[Round "5"]
[White "Fernandez Felguera, Agustin"]
[Black "Alvaro Hermosa, Ramon"]
[Result "1-0"]
[WhiteElo "1929"]
[BlackElo "1793"]
[PlyCount "53"]
[EventDate "2019.09.28"]
[EventType "swiss"]
[EventRounds "8"]
[EventCountry "ESP"]
[SourceTitle "CBM 193 Extra"]
[Source "ChessBase"]
[SourceDate "2020.01.31"]
[SourceVersion "1"]
[SourceVersionDate "2020.01.31"]
[SourceQuality "1"]

1. e4 e6 2. d4 d5 3. Nd2 Nf6 4. e5 Nfd7 5. Bd3 c5 6. c3 Nc6 7. Ne2 cxd4 8. cxd4 f6 9. exf6 Nxf6 10. Nf3 Bd6 11. 0-0 Qc7 12. g3 0-0 13. Bf4 Ng4 14. Kg2 e5 15. Nxe5 Ngxe5 16. dxe5 Bxe5 17. Rc1 Qd6 18. Qb3 Rb8 19. Rfe1 Bg4 20. Be4 Be6 21. Bxe5 Qxe5 22. Nf4 Rxf4 23. Bxh7+ Kxh7 24. Rxe5 Rxf2+ 25. Kxf2 Nxe5 26. Re1 Ng4+ 27. Kg2 1-0

[Event "Roncana op-A 13th"]
[Site "Santa Eulalia de Roncana"]
[Date "2019.10.19"]
[Round "4"]
[White "Soler Colomer, Valenti"]
[Black "Fernandez Felguera, Agustin"]
[Result "1-0"]
[WhiteElo "2010"]
[BlackElo "1929"]
[PlyCount "81"]
[EventDate "2019.09.28"]
[EventType "swiss"]
[EventRounds "8"]
[EventCountry "ESP"]
[SourceTitle "CBM 193 Extra"]
[Source "ChessBase"]
[SourceDate "2020.01.31"]
[SourceVersion "1"]
[SourceVersionDate "2020.01.31"]
[SourceQuality "1"]

1. d4 Nf6 2. Nf3 g6 3. g3 Bg7 4. Bg2 0-0 5. 0-0 d6 6. b3 Nbd7 7. Bb2 c5 8. Qc1 cxd4 9. Nxd4 a6 10. c4 Qc7 11. Nc3 Nc5 12. Qd2 Bd7 13. Rfd1 Rac8 14. Rac1 Qb8 15. Nd5 Nxd5 16. cxd5 b5 17. Bc3 Qa7 18. e3 Rfe8 19. h3 Nb7 20. b4 Qb6 21. Kh2 Rc7 22. Rc2 Rec8 23. Rdc1 h6 24. Bb2 Kf8 25. Rxc7 Rxc7 26. Rxc7 Qxc7 27. Nc6 Bxb2 28. Qxb2 f6 29. Qa3 Qb6 30. Nb8 Nc5 31. bxc5 Qxb8 32. c6 Bc8 33. Qa5 Ke8 34. h4 h5 35. Be4 f5 36. Bf3 e5 37. dxe6 Bxe6 38. Qxa6 Qc7 39. Qxb5 Bxa2 40. Qb7 Qa5 41. Qd7+ 1-0

[Event "Roncana op-A 13th"]
[Site "Santa Eulalia de Roncana"]
[Date "2019.10.05"]
[Round "2"]
[White "Filipenko, Yan"]
[Black "Fernandez Felguera, Agustin"]
[Result "0-1"]
[WhiteElo "1412"]
[BlackElo "1929"]
[PlyCount "40"]
[EventDate "2019.09.28"]
[EventType "swiss"]
[EventRounds "8"]
[EventCountry "ESP"]
[SourceTitle "CBM 193 Extra"]
[Source "ChessBase"]
[SourceDate "2020.01.31"]
[SourceVersion "1"]
[SourceVersionDate "2020.01.31"]
[SourceQuality "1"]

1. d4 Nf6 2. c4 g6 3. Nf3 Bg7 4. g3 0-0 5. Bg2 d6 6. 0-0 Nbd7 7. Nc3 e5 8. Bg5 h6 9. Bxf6 Bxf6 10. dxe5 Nxe5 11. Nxe5 Bxe5 12. Qc2 c6 13. Rad1 Qe7 14. e4 Be6 15. b3 Rad8 16. Rfe1 Bg7 17. f4 Bc8 18. b4 Rfe8 19. b5 d5 20. cxd5 Qc5+ 0-1

[Event "Roncana op-A 12th"]
[Site "Santa Eulalia de Roncana"]
[Date "2018.11.03"]
[Round "5"]
[White "Fernandez Felguera, Agustin"]
[Black "Herms Agullo, Jordi"]
[Result "1/2-1/2"]
[WhiteElo "1915"]
[BlackElo "2059"]
[PlyCount "68"]
[EventDate "2018.09.29"]
[EventType "swiss"]
[EventRounds "8"]
[EventCountry "ESP"]
[SourceTitle "CBM 187 Extra"]
[Source "ChessBase"]
[SourceDate "2018.11.04"]
[SourceVersion "1"]
[SourceVersionDate "2018.11.04"]
[SourceQuality "1"]

1. e4 e5 2. Nf3 Nc6 3. Bb5 g6 4. 0-0 Bg7 5. c3 a6 6. Ba4 d6 7. h3 Bd7 8. d4 Nf6 9. Re1 0-0 10. Nbd2 b5 11. Bc2 h6 12. a4 exd4 13. Nxd4 Rb8 14. axb5 axb5 15. N2f3 b4 16. c4 Ra8 17. Rxa8 Qxa8 18. b3 Re8 19. Nb5 Qb7 20. Bf4 Ne5 21. Nbd4 Nh5 22. Bh2 Nxf3+ 23. Nxf3 Bc6 24. Nd2 Nf6 25. f3 Nd7 26. Nf1 Bc3 27. Re2 Ra8 28. Bf4 Ra1 29. Bb1 Kg7 30. Be3 f6 31. Ra2 Rxa2 32. Bxa2 Qa8 33. Bb1 Qa1 34. Ng3 Qa5 1/2-1/2

[Event "Roncana op 11th"]
[Site "Santa Eulalia de Roncana"]
[Date "2017.11.18"]
[Round "8"]
[White "Torralba Brosa, Marc"]
[Black "Fernandez Felguera, Agustin"]
[Result "1-0"]
[WhiteElo "1811"]
[BlackElo "1923"]
[PlyCount "41"]
[EventDate "2017.09.23"]
[EventType "swiss"]
[EventRounds "8"]
[EventCountry "ESP"]
[SourceTitle "EXT 2022"]
[Source "ChessBase"]
[SourceDate "2021.10.06"]
[SourceVersion "1"]
[SourceVersionDate "2021.10.06"]
[SourceQuality "1"]

1. e4 c5 2. Nf3 d6 3. d4 cxd4 4. Nxd4 Nf6 5. Nc3 g6 6. Be3 Bg7 7. f3 0-0 8. Bc4 Nc6 9. Qd2 Bd7 10. 0-0-0 Rc8 11. Bb3 Ne5 12. h4 h5 13. Bh6 Bxh6 14. Qxh6 Rxc3 15. bxc3 Qa5 16. Kb1 Qxc3 17. Ne2 Qa5 18. Nf4 Rc8 19. Nxg6 Nxg6 20. Qxg6+ Kh8 21. Qxf7 1-0

[Event "Roncana op 11th"]
[Site "Santa Eulalia de Roncana"]
[Date "2017.11.11"]
[Round "7"]
[White "Fernandez Felguera, Agustin"]
[Black "Rojano Cano, Francisco Jose"]
[Result "1/2-1/2"]
[WhiteElo "1923"]
[BlackElo "2092"]
[PlyCount "54"]
[EventDate "2017.09.23"]
[EventType "swiss"]
[EventRounds "8"]
[EventCountry "ESP"]
[SourceTitle "CBM 187 Extra"]
[Source "ChessBase"]
[SourceDate "2018.11.04"]
[SourceVersion "1"]
[SourceVersionDate "2018.11.04"]
[SourceQuality "1"]

1. e4 e6 2. d4 d5 3. Nd2 Be7 4. Ngf3 Nf6 5. Bd3 dxe4 6. Nxe4 Nxe4 7. Bxe4 Nd7 8. c4 Nf6 9. Bc2 c5 10. 0-0 cxd4 11. Qxd4 Qxd4 12. Nxd4 Bd7 13. b3 Ng4 14. Bb2 Bf6 15. Rad1 Ne5 16. Be4 Nc6 17. Nxc6 bxc6 18. Bxf6 gxf6 19. Rd6 Ke7 20. Rfd1 Rhd8 21. f4 f5 22. Bf3 Be8 23. Rxd8 Rxd8 24. Rxd8 Kxd8 25. c5 f6 26. Kf2 Kd7 27. Ke3 h6 1/2-1/2

[Event "Roncana op 11th"]
[Site "Santa Eulalia de Roncana"]
[Date "2017.11.04"]
[Round "6"]
[White "Ortega Serra, Marc"]
[Black "Fernandez Felguera, Agustin"]
[Result "1-0"]
[WhiteElo "2237"]
[BlackElo "1923"]
[PlyCount "121"]
[EventDate "2017.09.23"]
[EventType "swiss"]
[EventRounds "8"]
[EventCountry "ESP"]
[SourceTitle "CBM 187 Extra"]
[Source "ChessBase"]
[SourceDate "2018.11.04"]
[SourceVersion "1"]
[SourceVersionDate "2018.11.04"]
[SourceQuality "1"]

1. d4 Nf6 2. c4 d6 3. Nc3 Nbd7 4. e4 e5 5. Nf3 g6 6. h3 Bg7 7. d5 Nc5 8. Qc2 a5 9. Be3 b6 10. g4 Bd7 11. Nd2 0-0 12. Be2 Ne8 13. Rg1 f5 14. 0-0-0 f4 15. Bxc5 dxc5 16. Nf3 Nd6 17. h4 h6 18. g5 h5 19. Nd2 Qe7 20. f3 Rfb8 21. Kb1 Qe8 22. Ka1 Bf8 23. Ndb1 Rb7 24. Na3 Kh7 25. Bf1 Rab8 26. Qh2 Qc8 27. Rh1 Ra8 28. Bh3 Bxh3 29. Qxh3 Qxh3 30. Rxh3 Kg7 31. Ncb5 Nxb5 32. Nxb5 Bd6 33. Kb1 Rab8 34. Kc2 a4 35. Rdh1 Kf7 36. Re1 Ke7 37. b3 Ra8 38. Rb1 Rbb8 39. b4 cxb4 40. Nxd6 Kxd6 41. Rxb4 Ra6 42. Rh1 Raa8 43. Kc3 Ra7 44. Rbb1 Re8 45. Kb4 Rd8 46. Rhc1 Rda8 47. Rc2 Rd8 48. Rbc1 Rda8 49. Rc3 a3 50. c5+ bxc5+ 51. Rxc5 Ra4+ 52. Kb3 R8a7 53. R1c4 Rxc4 54. Rxc4 Ra6 55. Rb4 Kd7 56. Kc3 c6 57. dxc6+ Rxc6+ 58. Kb3 Ra6 59. Rb7+ Kc6 60. Rg7 Rb6+ 61. Kxa3 1-0

[Event "Roncana op 11th"]
[Site "Santa Eulalia de Roncana"]
[Date "2017.10.21"]
[Round "4"]
[White "Fernandez Felguera, Agustin"]
[Black "Turon Mora, Joan"]
[Result "1-0"]
[WhiteElo "1923"]
[BlackElo "1803"]
[PlyCount "53"]
[EventDate "2017.09.23"]
[EventType "swiss"]
[EventRounds "8"]
[EventCountry "ESP"]
[SourceTitle "CBM 187 Extra"]
[Source "ChessBase"]
[SourceDate "2018.11.04"]
[SourceVersion "1"]
[SourceVersionDate "2018.11.04"]
[SourceQuality "1"]

1. e4 c6 2. Nc3 d5 3. d4 dxe4 4. Nxe4 Nf6 5. Nxf6+ gxf6 6. c3 Bf5 7. Nf3 e6 8. g3 Bd6 9. Bg2 Be4 10. 0-0 Nd7 11. Qe2 f5 12. b4 b5 13. a4 bxa4 14. Ne5 Bxg2 15. Kxg2 Nxe5 16. dxe5 Be7 17. Rd1 Qb6 18. Rxa4 Qb7 19. Be3 0-0 20. Kg1 Rfc8 21. Qh5 Qb5 22. Ra5 Qc4 23. Rd7 Re8 24. Bg5 Qxc3 25. Rxe7 Qe1+ 26. Kg2 Qe4+ 27. Kh3 1-0

[Event "Roncana op 11th"]
[Site "Santa Eulalia de Roncana"]
[Date "2017.09.30"]
[Round "2"]
[White "Fernandez Felguera, Agustin"]
[Black "Valenzuela Gomez, Fernando Alberto"]
[Result "0-1"]
[WhiteElo "1923"]
[BlackElo "2400"]
[PlyCount "78"]
[EventDate "2017.09.23"]
[EventType "swiss"]
[EventRounds "8"]
[EventCountry "ESP"]
[SourceTitle "CBM 187 Extra"]
[Source "ChessBase"]
[SourceDate "2018.11.04"]
[SourceVersion "1"]
[SourceVersionDate "2018.11.04"]
[SourceQuality "1"]

1. e4 Nf6 2. e5 Nd5 3. d4 d6 4. c4 Nb6 5. exd6 cxd6 6. Nc3 g6 7. Be3 Bg7 8. Bd3 0-0 9. Nge2 Nc6 10. 0-0 Nb4 11. b3 Nxd3 12. Qxd3 Bf5 13. Qd2 d5 14. c5 Nc8 15. Rac1 Re8 16. Rfd1 a6 17. b4 Na7 18. Nf4 e6 19. Nce2 Nc6 20. Ng3 h5 21. Nxf5 exf5 22. Qc3 g5 23. Nxh5 f4 24. Nxg7 Kxg7 25. Bd2 Qf6 26. Re1 Rh8 27. Qf3 Rad8 28. Bc3 Rh4 29. g3 Rh3 30. Qg4 Rdh8 31. gxf4 R8h5 32. Re3 Rxh2 33. Rce1 R2h4 34. Qg2 Qxf4 35. Rg3 g4 36. Bb2 Qd2 37. Bc3 Qf4 38. f3 f5 39. fxg4 Rh1+ 0-1

[Event "Roncana op 11th"]
[Site "Santa Eulalia de Roncana"]
[Date "2017.09.23"]
[Round "1"]
[White "Torras Coloma, Pau"]
[Black "Fernandez Felguera, Agustin"]
[Result "0-1"]
[WhiteElo "1634"]
[BlackElo "1923"]
[PlyCount "94"]
[EventDate "2017.09.23"]
[EventType "swiss"]
[EventRounds "8"]
[EventCountry "ESP"]
[SourceTitle "CBM 187 Extra"]
[Source "ChessBase"]
[SourceDate "2018.11.04"]
[SourceVersion "1"]
[SourceVersionDate "2018.11.04"]
[SourceQuality "1"]

1. d4 d5 2. c4 e6 3. Nc3 Nf6 4. cxd5 exd5 5. e3 Be7 6. Bd3 0-0 7. Nge2 b6 8. 0-0 Bb7 9. Bd2 c5 10. Rc1 Na6 11. Qa4 Nc7 12. dxc5 bxc5 13. Rfd1 Ne6 14. Be1 Qb6 15. Nf4 Bc6 16. Qc2 Nxf4 17. exf4 c4 18. Bxh7+ Nxh7 19. Nxd5 Bxd5 20. Rxd5 Nf6 21. Ba5 Qa6 22. Re5 Bd6 23. Rf5 Rac8 24. Bc3 Be7 25. Re1 Rfe8 26. Ra5 Qb6 27. Qf5 Bb4 28. Rae5 Bxc3 29. bxc3 Qc6 30. g4 Rxe5 31. fxe5 Re8 32. Rd1 Nd5 33. g5 Qe6 34. Qf3 Nb6 35. Re1 Qd5 36. Qg3 Qd3 37. Re3 Qd1+ 38. Kg2 Nd5 39. Rf3 Qc2 40. Qg4 Qg6 41. Qxc4 Qxg5+ 42. Rg3 Qxe5 43. Qa6 Nf4+ 44. Kg1 Ne2+ 45. Kg2 Nxg3 46. hxg3 Qe4+ 47. Kg1 Qf3 0-1

[Event "Montcada op-B 24th"]
[Site "Montcada"]
[Date "2016.06.26"]
[Round "2"]
[White "Fernandez Felguera, Agustin"]
[Black "Vegara Gallego, Pere"]
[Result "1-0"]
[WhiteElo "1854"]
[BlackElo "1668"]
[PlyCount "51"]
[EventDate "2016.06.25"]
[EventType "swiss"]
[EventRounds "9"]
[EventCountry "ESP"]
[SourceTitle "EXT 2017"]
[Source "ChessBase"]
[SourceDate "2016.10.25"]
[SourceVersion "1"]
[SourceVersionDate "2016.10.25"]
[SourceQuality "1"]

1. e4 e5 2. Nf3 d5 3. exd5 e4 4. Qe2 Nf6 5. Nc3 Be7 6. Nxe4 0-0 7. Nxf6+ Bxf6 8. Qd1 Re8+ 9. Be2 Qe7 10. d4 Bg4 11. Be3 c6 12. 0-0 cxd5 13. Re1 Nc6 14. c3 Qd6 15. Qd2 Rad8 16. h3 Bh5 17. Bf4 Qf8 18. Nh2 Rxe2 19. Rxe2 Bxe2 20. Qxe2 Re8 21. Qb5 Qe7 22. Qxd5 Rd8 23. Qf3 g5 24. Bd2 Bxd4 25. cxd4 Nxd4 26. Qe3 1-0

[Event "Roncana op-A 9th"]
[Site "Santa Eulalia de Roncana"]
[Date "2015.11.07"]
[Round "5"]
[White "Fernandez Felguera, Agustin"]
[Black "Cordomi Fons, Francesco"]
[Result "1/2-1/2"]
[WhiteElo "2077"]
[BlackElo "2084"]
[PlyCount "36"]
[EventDate "2015.10.03"]
[EventType "swiss"]
[EventRounds "8"]
[EventCountry "ESP"]
[SourceTitle "EXT 2017"]
[Source "ChessBase"]
[SourceDate "2016.10.25"]
[SourceVersion "1"]
[SourceVersionDate "2016.10.25"]
[SourceQuality "1"]

1. e4 c5 2. Nf3 Nc6 3. Bb5 d6 4. d4 cxd4 5. Qxd4 Bd7 6. Bxc6 Bxc6 7. Nc3 Nf6 8. Bg5 e6 9. 0-0-0 Be7 10. Qd3 Qa5 11. h4 h6 12. Bd2 Ng4 13. Rhf1 Qc5 14. Nd4 Ne5 15. Qe3 Nc4 16. Qd3 Ne5 17. Qe3 Nc4 18. Qd3 Ne5 1/2-1/2

[Event "Llinars del Valles op-A 9th"]
[Site "Llinars del Valles"]
[Date "2015.05.30"]
[Round "7"]
[White "Fernandez Felguera, Agustin"]
[Black "Ruiz Molina, Gabriel"]
[Result "0-1"]
[WhiteElo "1781"]
[BlackElo "1934"]
[PlyCount "116"]
[EventDate "2015.04.11"]
[EventType "swiss"]
[EventRounds "9"]
[EventCountry "ESP"]
[SourceTitle "EXT 2016"]
[Source "ChessBase"]
[SourceDate "2015.10.08"]
[SourceVersion "1"]
[SourceVersionDate "2015.10.08"]
[SourceQuality "1"]

1. e4 e6 2. Nf3 d5 3. exd5 exd5 4. d4 Bd6 5. Bd3 Nf6 6. 0-0 0-0 7. Bg5 Bg4 8. Nbd2 h6 9. Bh4 Nbd7 10. c3 c6 11. Qc2 b5 12. Rfe1 Qc7 13. Bg3 a6 14. Bxd6 Qxd6 15. Ne5 c5 16. dxc5 Nxc5 17. Nxg4 Nxg4 18. Nf3 Rfe8 19. Rad1 Rad8 20. h3 Nf6 21. Nd4 Qb6 22. Be2 Nce4 23. Bf3 Re5 24. Re3 Rde8 25. Rde1 b4 26. Qb3 a5 27. R1e2 Qc5 28. Bxe4 dxe4 29. Nc2 Nd5 30. cxb4 axb4 31. Rg3 Nf4 32. Rd2 Nd3 33. Re3 R8e6 34. a3 bxa3 35. Qxa3 Qb6 36. b4 f5 37. Ne1 Qxb4 38. Qxb4 Nxb4 39. f3 Nd5 40. Rb3 Nf6 41. fxe4 fxe4 42. Nc2 e3 43. Re2 Nd5 44. Kh2 Re4 45. Kg3 h5 46. Rd3 h4+ 47. Kh2 Nf4 48. Rexe3 Nxd3 49. Rxd3 Re2 50. Nd4 Rd6 51. Nxe2 Rxd3 52. Kg1 g5 53. Kf2 Kg7 54. Ng1 Kf6 55. Ne2 Kf5 56. g3 Ke4 57. gxh4 gxh4 58. Ng1 Rg3 0-1

[Event "Roncana op-A 8th"]
[Site "Santa Eulalia de Roncana"]
[Date "2014.12.06"]
[Round "8"]
[White "Fernandez Felguera, Agustin"]
[Black "Prats Fumado, Gerard"]
[Result "1-0"]
[WhiteElo "1989"]
[BlackElo "1949"]
[PlyCount "74"]
[EventDate "2014.10.11"]
[EventType "swiss"]
[EventRounds "8"]
[EventCountry "ESP"]
[SourceTitle "EXT 2016"]
[Source "ChessBase"]
[SourceDate "2015.10.08"]
[SourceVersion "1"]
[SourceVersionDate "2015.10.08"]
[SourceQuality "1"]

1. e4 d6 2. d4 e5 3. c3 Nf6 4. Bd3 Nc6 5. Nf3 Bg4 6. d5 Ne7 7. h3 Bh5 8. c4 Bg6 9. Nc3 Nd7 10. 0-0 h6 11. b4 a5 12. bxa5 Rxa5 13. Nd2 Bh7 14. Nb3 Ra8 15. Be3 b6 16. a4 Ng6 17. a5 Be7 18. axb6 cxb6 19. Nd2 Nc5 20. Be2 0-0 21. Qb1 Rxa1 22. Qxa1 Nf4 23. Bxf4 exf4 24. Qb1 Bf6 25. Nb5 Re8 26. f3 Re5 27. Nb3 Rh5 28. N3d4 Qd7 29. Bd3 g6 30. Rf2 Bh4 31. Ra2 Re5 32. Kh1 Bg3 33. Ra7 Qd8 34. Bf1 h5 35. Nc6 Qf6 36. Nxe5 Qxe5 37. Qa1 Qg5 1-0

[Event "Roncana op-A 8th"]
[Site "Santa Eulalia de Roncana"]
[Date "2014.11.01"]
[Round "3"]
[White "Ortega Serra, Marc"]
[Black "Fernandez Felguera, Agustin"]
[Result "1-0"]
[WhiteElo "2336"]
[BlackElo "1989"]
[PlyCount "53"]
[EventDate "2014.10.11"]
[EventType "swiss"]
[EventRounds "8"]
[EventCountry "ESP"]
[SourceTitle "CBM 163 Extra"]
[Source "ChessBase"]
[SourceDate "2014.12.23"]
[SourceVersion "1"]
[SourceVersionDate "2014.12.23"]
[SourceQuality "1"]

1. d4 Nf6 2. c4 g6 3. Nc3 Bg7 4. e4 d6 5. f4 0-0 6. Nf3 c5 7. d5 e6 8. dxe6 fxe6 9. Bd3 Nc6 10. 0-0 Qe7 11. Qe1 Nd4 12. Ng5 h6 13. Nf3 e5 14. Nh4 Qe8 15. f5 gxf5 16. exf5 Qh5 17. h3 e4 18. Nxe4 Bxf5 19. Nxf5 Nxf5 20. Nxf6+ Bxf6 21. Bxf5 Bd4+ 22. Kh1 Rae8 23. Be6+ Kh8 24. Rxf8+ Rxf8 25. Bg4 Qg6 26. Bd2 h5 27. Bf3 1-0

[Event "Llinars del Valles op-A 8th"]
[Site "Llinars del Valles"]
[Date "2014.05.03"]
[Round "2"]
[White "Riera Marcos, Albert"]
[Black "Fernandez Felguera, Agustin"]
[Result "1-0"]
[WhiteElo "1792"]
[BlackElo "1701"]
[PlyCount "33"]
[EventDate "2014.04.26"]
[EventType "swiss"]
[EventRounds "8"]
[EventCountry "ESP"]
[SourceTitle "EXT 2015"]
[Source "ChessBase"]
[SourceDate "2014.11.20"]
[SourceVersion "1"]
[SourceVersionDate "2014.11.20"]
[SourceQuality "1"]

1. e4 c5 2. Nf3 d6 3. d4 cxd4 4. Nxd4 Nf6 5. Nc3 g6 6. Be3 Bg7 7. f3 0-0 8. g4 Qb6 9. Nf5 Qxb2 10. Nxe7+ Kh8 11. Bd4 Qa3 12. Nb5 Qa5+ 13. Bc3 Qb6 14. Qxd6 Qe3+ 15. Be2 Be6 16. Bd4 Ne8 17. Nxg6+ 1-0

[Event "Catalunya-ch U18 qual"]
[Site "Catalunya"]
[Date "2014.02.01"]
[Round "2.1"]
[White "Lopez Pajuelo, Aleix"]
[Black "Fernandez Felguera, Agustin"]
[Result "1-0"]
[WhiteElo "2081"]
[BlackElo "1951"]
[PlyCount "57"]
[EventDate "2014.01.25"]
[EventType "swiss"]
[EventRounds "5"]
[EventCountry "ESP"]
[SourceTitle "EXT 2024"]
[Source "ChessBase"]
[SourceDate "2023.10.10"]
[SourceVersion "1"]
[SourceVersionDate "2023.10.10"]
[SourceQuality "1"]

1. d4 Nf6 2. c4 g6 3. Nc3 Bg7 4. e4 d6 5. f4 0-0 6. Nf3 c5 7. d5 e6 8. dxe6 fxe6 9. Bd3 Nc6 10. 0-0 b6 11. Nb5 a6 12. Nxd6 Qxd6 13. e5 Qd7 14. exf6 Bxf6 15. Qe2 Bb7 16. Rd1 Rad8 17. Bc2 Qe7 18. Re1 Rd6 19. a3 Nd4 20. Nxd4 Bxd4+ 21. Kh1 Qf6 22. Rb1 e5 23. fxe5 Qxe5 24. Qxe5 Bxe5 25. Bh6 Rf2 26. Be4 Bxe4 27. Rxe4 Bxb2 28. Re8+ Kf7 29. Rf8+ 1-0

[Event "Roncana op-A 7th"]
[Site "Santa Eulalia de Roncana"]
[Date "2013.10.26"]
[Round "4"]
[White "Pulido Leon, Manuel"]
[Black "Fernandez Felguera, Agustin"]
[Result "1-0"]
[WhiteElo "1795"]
[BlackElo "1696"]
[PlyCount "61"]
[EventDate "2013.10.05"]
[EventType "swiss"]
[EventRounds "8"]
[EventCountry "ESP"]
[SourceTitle "CBM 157 Extra"]
[Source "ChessBase"]
[SourceDate "2013.12.19"]
[SourceVersion "1"]
[SourceVersionDate "2013.12.19"]
[SourceQuality "1"]

1. e4 c5 2. Bc4 d6 3. Nf3 Nf6 4. c3 e6 5. Qe2 Be7 6. Bb3 Nc6 7. d4 cxd4 8. cxd4 d5 9. e5 Nd7 10. 0-0 a6 11. Nbd2 b5 12. Rd1 Qb6 13. Nf1 a5 14. Ne3 Nf8 15. Bd2 Ba6 16. Qe1 a4 17. Bxd5 exd5 18. Nxd5 Qb7 19. Qe4 Ne6 20. Rac1 Rc8 21. Be3 0-0 22. Rxc6 Rxc6 23. Nxe7+ Qxe7 24. Qxc6 Bb7 25. Qxb5 Bxf3 26. gxf3 Ra8 27. d5 Nd8 28. Bf4 f6 29. e6 a3 30. b3 Kf8 31. Qb6 1-0

[Event "Roncana op-A 7th"]
[Site "Santa Eulalia de Roncana"]
[Date "2013.10.05"]
[Round "1"]
[White "Fernandez Felguera, Agustin"]
[Black "Morais Carreras, Javier"]
[Result "0-1"]
[WhiteElo "1696"]
[BlackElo "1978"]
[PlyCount "108"]
[EventDate "2013.10.05"]
[EventType "swiss"]
[EventRounds "8"]
[EventCountry "ESP"]
[SourceTitle "CBM 157 Extra"]
[Source "ChessBase"]
[SourceDate "2013.12.19"]
[SourceVersion "1"]
[SourceVersionDate "2013.12.19"]
[SourceQuality "1"]

1. e4 e5 2. Nf3 Nf6 3. Nc3 Bb4 4. Bc4 0-0 5. 0-0 Bxc3 6. dxc3 d6 7. Qe2 h6 8. Bb3 Bg4 9. Qe3 Nbd7 10. Ne1 Nc5 11. f3 Be6 12. Nd3 Nxb3 13. cxb3 Re8 14. c4 c6 15. Bd2 Qb6 16. Rfe1 Qxe3+ 17. Bxe3 b6 18. Nb4 Rac8 19. Rad1 Red8 20. Rd2 a5 21. Nd3 c5 22. a4 Kf8 23. g3 Nd7 24. f4 f6 25. Nf2 Nb8 26. Red1 Ke7 27. Kg2 Nc6 28. Kf3 Nd4+ 29. Bxd4 exd4 30. Ra1 Bd7 31. Nd3 Bc6 32. g4 h5 33. f5 hxg4+ 34. Kxg4 Kf7 35. Re1 Rh8 36. Nf4 Rce8 37. Rde2 Rhg8 38. h4 Bd7 39. h5 Rh8 40. Rh1 Bc6 41. Rhe1 Rd8 42. Kh4 Rhe8 43. Kg4 Rd7 44. Kg3 Rde7 45. Ne6 Rxe6 46. fxe6+ Rxe6 47. Kf4 Re5 48. Rh2 f5 49. h6 gxh6 50. Rxh6 Rxe4+ 51. Rxe4 fxe4 52. Rxd6 e3 53. Kg3 Be4 54. Kh2 e2 0-1

[Event "Vall del Tenes op 2nd"]
[Site "Vall del Tenes"]
[Date "2013.05.03"]
[Round "4"]
[White "Fernandez Felguera, Agustin"]
[Black "Yanguas Martinez, Hermogenes"]
[Result "1/2-1/2"]
[WhiteElo "1707"]
[BlackElo "1827"]
[PlyCount "83"]
[EventDate "2013.04.05"]
[EventType "swiss"]
[EventRounds "8"]
[EventCountry "ESP"]
[SourceTitle "EXT 2014"]
[Source "ChessBase"]
[SourceDate "2013.11.20"]
[SourceVersion "1"]
[SourceVersionDate "2013.11.20"]
[SourceQuality "1"]

1. e4 e5 2. Nf3 Nf6 3. Nc3 Bb4 4. Bc4 0-0 5. 0-0 d6 6. d3 Bg4 7. h3 Bh5 8. Bg5 Bxc3 9. bxc3 Nbd7 10. d4 c6 11. Re1 Qa5 12. Qd2 Bxf3 13. gxf3 exd4 14. cxd4 Qxd2 15. Bxd2 Nb6 16. Bd3 h6 17. Rab1 Nh5 18. c4 c5 19. d5 g5 20. Kh2 f6 21. a4 Rab8 22. a5 Nd7 23. Rg1 Kf7 24. Be2 b6 25. f4 Ng7 26. fxg5 fxg5 27. axb6 axb6 28. Rbf1 Nf6 29. Bd3 Rfe8 30. f4 gxf4 31. Bxf4 Rbd8 32. Bxh6 Ngh5 33. Rg5 Ke7 34. Be2 Rh8 35. Bxh5 Rxh6 36. Rg7+ Kf8 37. Rf7+ Kg8 38. R7xf6 Rxh5 39. Rg1+ Kh8 40. Rgg6 Re5 41. Re6 Rxe6 42. Rxe6 1/2-1/2

[Event "Vall del Tenes op 2nd"]
[Site "Vall del Tenes"]
[Date "2013.04.05"]
[Round "1"]
[White "Fernandez Felguera, Agustin"]
[Black "Creixell Robert, Francesc"]
[Result "0-1"]
[WhiteElo "1707"]
[BlackElo "1700"]
[PlyCount "124"]
[EventDate "2013.04.05"]
[EventType "swiss"]
[EventRounds "8"]
[EventCountry "ESP"]
[SourceTitle "EXT 2014"]
[Source "ChessBase"]
[SourceDate "2013.11.20"]
[SourceVersion "1"]
[SourceVersionDate "2013.11.20"]
[SourceQuality "1"]

1. e4 c5 2. Nf3 d6 3. d4 cxd4 4. Nxd4 Nf6 5. Nc3 a6 6. Be3 e5 7. Nf3 Be6 8. Be2 Be7 9. 0-0 h6 10. Nd2 d5 11. exd5 Nxd5 12. Nxd5 Bxd5 13. Nc4 Bxc4 14. Bxc4 0-0 15. Qh5 Bg5 16. Rad1 Qe7 17. Bxg5 Qxg5 18. Qxg5 hxg5 19. Bd5 Ra7 20. Rd3 b5 21. Rfd1 Nd7 22. Kf1 a5 23. Bc6 Nf6 24. Bxb5 a4 25. c4 e4 26. Ra3 Rc8 27. Ke2 Ng4 28. Bd7 Rxd7 29. Rxd7 Rxc4 30. Rc3 Rb4 31. b3 axb3 32. axb3 Rb8 33. h3 Ne5 34. Rd4 f5 35. Rd5 Re8 36. Rc7 Kh7 37. Rb7 Kg6 38. Rd6+ Kh7 39. b4 Nd3 40. g3 Rc8 41. Ke3 Rc4 42. b5 Rc2 43. f3 f4+ 44. gxf4 gxf4+ 45. Kd4 exf3 46. Kxd3 f2 47. Kxc2 f1Q 48. Rdd7 Qe2+ 49. Kc3 Qe3+ 50. Kb4 Qe1+ 51. Ka4 Qa1+ 52. Kb4 f3 53. b6 f2 54. Rf7 f1Q 55. Rxf1 Qxf1 56. Rc7 Qb1+ 57. Kc5 Qc2+ 58. Kb5 Qb3+ 59. Kc6 Qc3+ 60. Kb7 Qxh3 61. Kb8 Qe3 62. b7 Qe5 0-1

[Event "Roncana op 6th"]
[Site "Santa Eulalia de Roncana"]
[Date "2012.11.24"]
[Round "7"]
[White "Fernandez Felguera, Agustin"]
[Black "Molano Lafuente, Ismael"]
[Result "1/2-1/2"]
[WhiteElo "1667"]
[BlackElo "2022"]
[PlyCount "55"]
[EventDate "2012.10.06"]
[EventType "swiss"]
[EventRounds "8"]
[EventCountry "ESP"]
[SourceTitle "EXT 2014"]
[Source "ChessBase"]
[SourceDate "2013.11.20"]
[SourceVersion "1"]
[SourceVersionDate "2013.11.20"]
[SourceQuality "1"]

1. e4 c5 2. Nc3 Nc6 3. f4 e6 4. Nf3 Nf6 5. Bb5 Nd4 6. d3 a6 7. Ba4 b5 8. Bb3 Nxf3+ 9. Qxf3 Bb7 10. g4 d5 11. exd5 Nxd5 12. Rf1 Qh4+ 13. Qg3 Qxg3+ 14. hxg3 Nxc3 15. bxc3 h5 16. g5 g6 17. Be3 0-0-0 18. Rd1 h4 19. gxh4 Rxh4 20. c4 Bd6 21. d4 cxd4 22. Rxd4 Bb4+ 23. Ke2 Rh2+ 24. Rf2 Rh1 25. Rxd8+ Kxd8 26. Bd2 Bc5 27. Be3 Bb4 28. Bd2 1/2-1/2